Statistiques concernant Plus grandes capitales du monde

Cliquez ici pour prendre le quiz!

Statistiques générales

  • Ce quiz a été pris 12,944 fois
    (2,437 depuis la dernière actualisation)
  • Le résultat moyen est 13 sur 20

Statistiques - réponses

Population Capital % Correct
11,4 MParis
97%
40,2 MTokyo
95%
20,4 MPékin
94%
14,7 MLondres
93%
17,2 MMoscou
88%
8,55 MWashington
85%
22,8 MMexico
83%
30,6 MJakarta
68%
16,3 MBuenos Aires
68%
20,5 MLe Caire
67%
24,7 MSéoul
62%
18,3 MBangkok
53%
25,2 MManille
50%
9,80 MBogotá
48%
9,90 MLima
45%
15,0 MTéhéran
45%
19,5 MDacca
38%
12,0 MKinshasa
37%
8,70 MKuala Lumpur
36%
9,10 MTaipei
30%

Distribution des résultats

Percentile by Number Answered

% des personnes avec chaque résultat

Votre développement - résultats

Vous n’avez pas pris ce quiz depuis la dernière actualisation